Statistics for 100 Most Populous Cities 2050 Projection - With Countries

Click here to take the quiz!

General Stats

  • This quiz has been taken 78 times
  • The average score is 69 of 100

Answer Stats

PopulationCountryAnswer% Correct
35.2 milIndiaDelhi
100%
51.4 milIndiaMumbai
97%
32.6 milJapanTokyo
97%
22.3 milChinaShanghai
96%
16 milChinaBeijing
96%
24.8 milUnited StatesNew York City
96%
24.3 milMexicoMexico City
96%
11.1 milFranceParis
94%
16.4 milUnited StatesLos Angeles
94%
24.3 milPhilippinesManila
94%
24 milEgyptCairo
94%
14.2 milTurkeyIstanbul
94%
32.6 milNigeriaLagos
93%
14.3 milBrazilRio de Janeiro
92%
10.2 milRussiaMoscow
92%
36.2 milBangladeshDhaka
92%
11.9 milUnited StatesChicago
92%
9.8 milUnited KingdomLondon
90%
9.5 milSouth KoreaSeoul
90%
22.1 milArgentinaBuenos Aires
90%
22.8 milBrazilSao Paulo
90%
23.6 milColombiaBogota
90%
17.1 milAfghanistanKabul
89%
33 milIndiaKolkata
89%
35 milDem. Rep. of CongoKinshasa
89%
15.9 milIndonesiaJakarta
88%
11.1 milThailandBangkok
88%
11.6 milPeruLima
88%
15.1 milIraqBaghdad
86%
31.7 milPakistanKarachi
86%
14.3 milKenyaNairobi
86%
11.9 milVietnamHo Chi Minh City
86%
9.8 milVietnamHanoi
85%
13.2 milEthiopiaAddis Ababa
85%
8.7 milEgyptAlexandria
83%
11 milIranTehran
83%
8.1 milSaudi ArabiaRiyadh
83%
6.5 milSpainMadrid
83%
5.8 milAustraliaSydney
83%
6.1 milUnited StatesHouston
83%
7.5 milUnited StatesMiami
81%
16 milSudanKhartoum
81%
6.5 milUnited StatesDallas-Fort Worth
81%
7 milCanadaToronto
79%
16 milTanzaniaDar es Salaam
78%
10.1 milYemenSana'a
78%
6 milUnited StatesBoston
78%
17.5 milPakistanLahore
76%
13 milChinaGuangzhou
76%
14.3 milAngolaLuanda
75%
15.6 milIndiaBangalore
74%
6.8 milChileSantiago
74%
6.6 milSomaliaMogadishu
74%
8.5 milSenegalDakar
72%
5.9 milUnited StatesWashington DC
71%
7.4 milUnited StatesPhiladelphia
71%
9.5 milChinaHong Kong
69%
10.2 milChinaTianjin
68%
7.2 milBrazilBelo Horizonte
68%
16.3 milIndiaChennai
68%
7.3 milMadagascarAntananarivo
67%
5.9 milGhanaAccra
67%
6.9 milNigeriaAbuja
67%
6.2 milUnited StatesAtlanta
65%
9.4 milUgandaKampala
65%
10.7 milIvory CoastAbidjan
65%
5.8 milMexicoGuadalajara
64%
14.6 milIndiaHyderabad
64%
5.8 milChinaXi'an
63%
12.4 milIndiaAhmedabad
63%
7.6 milMaliBamako
63%
6.8 milNigerNiamey
61%
5.9 milSyriaAleppo
60%
8.4 milMyanmarYangon
60%
6.9 milBurkina FasoOuagadougou
58%
10.9 milIndiaPune
57%
11.2 milChinaShenzhen
54%
10.3 milChinaWuhan
54%
5.8 milChinaChengdu
51%
12.2 milBangladeshChittagong
51%
10.4 milNigeriaKano
51%
9.1 milChinaChongqing
50%
6.1 milGuineaConakry
49%
6.9 milIndiaJaipur
43%
6.3 milIndiaLucknow
39%
9.2 milIndiaSurat
39%
10.2 milJapanOsaka-Kobe
39%
8.8 milNigeriaIbadan
38%
6.5 milEgyptGiza
36%
7.1 milPakistanFaisalabad
35%
6.8 milChinaShenyang
29%
6.2 milDem. Rep. of CongoLubumbashi
28%
5.8 milIndiaNagpur
25%
7.4 milIndiaKanpur
21%
6 milDem. Rep. of CongoMbuji-Mayi
15%
6.8 milChinaDongguan
10%
6.2 milMexicoZapopan
6%
5.7 milMexicoGuadalupe
4%
6.2 milMexicoTonala
1%
6.2 milMexicoTlaquepaque
1%

Score Distribution

Percentile by Number Answered

Percent of People with Each Score

Your Score History

You have not taken this quiz